00552cam a22002051 4500001001300000003000400013005001700017008004100034010001700075035002000092040001700112042001200129050002300141100003000164245002100194260004600215300001900261440004900280999001700329ne 62001286 DLC20260227111737.0940406s1943 tu 000 0 tur  ane 62001286  a(OCoLC)30096952 aDLCcCUdDLC apremarc00aPL248.S28bS6 19431 aSafa, Peyami,d1899-1961.10aSözde kızlar. a[İstanbul]bS. Lûtfi Kitabevic[1943] a236 p.c19 cm. 0aSemih Lûtfiʼnin ucuz romanlar serisi,v14 c45237d45237